书目信息 |
| 题名: |
钢筋混凝土水池设计计算手册
|
|
| 作者: | 郝素英 主编 | |
| 分册: | ||
| 出版信息: | 北京 中国建材工业出版社 2006.03 |
|
| 页数: | 293页 | |
| 开本: | 26cm | |
| 丛书名: | ||
| 单 册: | ||
| 中图分类: | TU991.34-62 | |
| 科图分类: | ||
| 主题词: | 钢筋混凝土结构--gang jin hun ning tu jie gou--水池--建筑设计--技术手册 , 钢筋混凝土结构--gang jin hun ning tu jie gou--水池--计算--技术手册 | |
| 电子资源: | ||
| ISBN: | 7-80227-006-5 | |
| 000 | 00930nam0 2200229 450 | |
| 001 | 012006360578 | |
| 005 | 20060422141655.06 | |
| 010 | @a7-80227-006-5@dCNY38.00 | |
| 100 | @a20060422d2006 km y0chiy0120 ea | |
| 101 | 0 | @achi |
| 102 | @aCN@b110000 | |
| 105 | @ak z 000yy | |
| 200 | 1 | @a钢筋混凝土水池设计计算手册@Agang jin hun ning tu shui chi she ji ji suan shou ce@f郝素英主编@Fhao su ying zhu bian |
| 210 | @a北京@c中国建材工业出版社@d2006.03 | |
| 215 | @a293页@d26cm | |
| 330 | @a在水池和水处理构筑物中,构件的受力形式主要有受弯和中心受拉,由于防水及结构耐久性要求,一般均限制这些构件裂缝宽度的开展或控制裂缝出现。 | |
| 606 | 0 | @a钢筋混凝土结构@Agang jin hun ning tu jie gou@x水池@x建筑设计@j技术手册 |
| 606 | 0 | @a钢筋混凝土结构@Agang jin hun ning tu jie gou@x水池@x计算@j技术手册 |
| 690 | @aTU991.34-62@v4 | |
| 701 | 0 | @a郝素英@Ahao su ying@4主编 |
| 801 | 0 | @aCN@bQSSK@c20060422 |
| 905 | @a10447@dTU991.34-62@eH142 | |
| 钢筋混凝土水池设计计算手册/郝素英主编.-北京:中国建材工业出版社,2006.03 |
| 293页;26cm |
| ISBN 7-80227-006-5:CNY38.00 |
| 在水池和水处理构筑物中,构件的受力形式主要有受弯和中心受拉,由于防水及结构耐久性要求,一般均限制这些构件裂缝宽度的开展或控制裂缝出现。 |
| ● |
| 相关链接 |
|
|
|
正题名:钢筋混凝土水池设计计算手册
索取号:TU991.34-62/H142
 
预约/预借
| 序号 | 登录号 | 条形码 | 馆藏地/架位号 | 状态 | 备注 |
| 1 | 558479 | 205584795 | 建筑库201/201建筑库 134排1列3层/ [索取号:TU991.34-62/H142] | 在馆 | |
| 2 | 558480 | 205584802 | 市政与环境工程学院资料室/101建筑库 97排3列2层/ [索取号:TU991.34-62/H142] | 在馆 | |
| 3 | 558481 | 205584811 | 建筑库201/201建筑库 134排1列3层/ [索取号:TU991.34-62/H142] | 在馆 |